UNIX for programmers and users / (Record no. 45918)

MARC details
000 -LEADER
fixed length control field 01024cam a22003014a 4500
001 - CONTROL NUMBER
control field 2144359
005 - DATE AND TIME OF LATEST TRANSACTION
control field 20160428111624.0
008 - FIXED-LENGTH DATA ELEMENTS--GENERAL INFORMATION
fixed length control field 980911s1999 njua b 000 0 eng
010 ## - LIBRARY OF CONGRESS CONTROL NUMBER
LC control number 98044439
020 ## - INTERNATIONAL STANDARD BOOK NUMBER
International Standard Book Number 0136816851
040 ## - CATALOGING SOURCE
Original cataloging agency DLC
Transcribing agency DLC
Modifying agency DLC
042 ## - AUTHENTICATION CODE
Authentication code pcc
050 00 - LIBRARY OF CONGRESS CALL NUMBER
Classification number QA76.76.O63
Item number G53 1999
082 00 - DEWEY DECIMAL CLASSIFICATION NUMBER
Classification number 005.4/3
Edition number 21
630 00 - SUBJECT ADDED ENTRY--UNIFORM TITLE
Uniform title UNIX (Computer file)
100 1# - MAIN ENTRY--PERSONAL NAME
Personal name Glass, Graham.
245 10 - TITLE STATEMENT
Title UNIX for programmers and users /
Statement of responsibility, etc Graham Glass, King Ables.
250 ## - EDITION STATEMENT
Edition statement 2nd ed.
260 ## - PUBLICATION, DISTRIBUTION, ETC. (IMPRINT)
Place of publication, distribution, etc Upper Saddle River, N.J. :
Name of publisher, distributor, etc Prentice Hall,
Date of publication, distribution, etc c1999.
300 ## - PHYSICAL DESCRIPTION
Extent xviii, 622 p. :
Other physical details ill. ;
Dimensions 24 cm.
504 ## - BIBLIOGRAPHY, ETC. NOTE
Bibliography, etc Includes bibliographical references (p. 611-612)
650 #0 - SUBJECT ADDED ENTRY--TOPICAL TERM
Topical term or geographic name as entry element Operating systems (Computers)
700 1# - ADDED ENTRY--PERSONAL NAME
Personal name Ables, King.
906 ## - LOCAL DATA ELEMENT F, LDF (RLIN)
a 7
b cbc
c orignew
d 1
e ocip
f 19
g y-gencatlg
942 ## - ADDED ENTRY ELEMENTS (KOHA)
Source of classification or shelving scheme Library of Congress Classification
Item type Book
Holdings
Withdrawn status Lost status Source of classification or shelving scheme Damaged status Not for loan Collection code Home library Current library Shelving location Date acquired Source of acquisition Total Checkouts Full call number Barcode Copy number Price effective from Koha item type
    Library of Congress Classification     Non-fiction Nakuru Campus Nakuru Campus General Circulation 22/02/2016 donation   QA76.76.O63 G53 1999 046506 1 22/02/2016 Book